| 000 | 00805nam a2200193 a 4500 | ||
|---|---|---|---|
| 001 | 000029894 | ||
| 005 | 20200930055904.0 | ||
| 008 | 110426s1979 dr 000 0 spa d | ||
| 040 |
_aDO-SdBNP _bspa _cBNPHU |
||
| 082 |
_axxx _bB389fi |
||
| 100 | 1 |
_aBecerro, Marcos _937556 |
|
| 245 | 1 | 0 |
_aFisiología del esfuerzo y del entrenamiento muscular / _cMarcos Becerro. |
| 260 |
_a[Santo Domingo] : _bFederación Dominicana de Levantamiento de Pesas : _bSEDEFIR, _c1979. _fEditora Nivar |
||
| 300 |
_a20 p. : _b23 cm. |
||
| 490 | 1 |
_aFederación Dominicana de Levantamiento de Pesas _v2 |
|
| 710 | 2 |
_aSecretaría de Estado de Deportes, Educación Física y Recreación _bDivisión de Educación Física Extra-Escolar, _956632 |
|
| 830 | 0 |
_aFederación Dominicana de Levantamiento de Pesas _v2 _956633 |
|
| 049 | _aBNPD | ||
| 999 |
_c29386 _d29386 |
||